| 000 | 01434cam a2200397 4500 | ||
|---|---|---|---|
| 001 | 22601 | ||
| 003 | SK-KTurca | ||
| 005 | 20260401154923.0 | ||
| 008 | 231211s2023 xo g 010 f slo | ||
| 015 | _aSNBA2024/05 | ||
| 020 |
_a9788080906382 _q(viazané) |
||
| 040 |
_aSNK _bslo _cSNK _erda |
||
| 041 | 1 |
_aslo _heng |
|
| 044 |
_axo _cSK |
||
| 072 | 7 |
_a821.111-3 _xAnglická próza, anglicky písaná _2konspekt |
|
| 080 |
_a821.111(410.5)-31 _22011 |
||
| 080 |
_a(0:82-312.5) _22011 |
||
| 100 | 1 |
_aColgan, Jenny, _d1972- _4aut |
|
| 240 | 1 | 4 |
_aThe christmas bookshop _lSlovensky |
| 245 | 1 | 0 |
_aVianočné kníhkupectvo _cJenny Colgan ; z anglického originálu The christmas Bookshop ... preložila Martina Antošová |
| 250 | _aVydanie 1. | ||
| 264 | 1 |
_aBratislava _bGrada Slovakia, s.r.o. - Metafora _c2023 |
|
| 300 |
_a335 strán _c21 cm |
||
| 336 |
_atext _btxt _2rdacontent |
||
| 337 |
_abez média _bn _2rdamedia |
||
| 338 |
_azväzok _bnc _2rdacarrier |
||
| 500 | _aVydala Grada Slovakia, s.r.o. pod značkou Metafora | ||
| 500 | _aObsahuje biografické údaje o autorke na záložke prebalu publikácie | ||
| 655 | 7 |
_aškótske romány (anglicky) _2SNKPH |
|
| 655 | 7 |
_aľúbostné romány _2SNKPH |
|
| 655 | 7 |
_aScottish fiction (English) _2SNKPHeng |
|
| 655 | 7 |
_aLove novels _2SNKPHeng |
|
| 700 | 1 |
_aAntošová, Martina _c(prekladateľka) _4trl |
|
| 942 |
_2ddc _cKLDO _n0 |
||
| 999 |
_c22601 _d22601 |
||